[Event "RIVALS Cup 2008"]
[Site "SchemingMind.com"]
[Date "2008.10.18"]
[Round "-"]
[White "jamesm_beatty"]
[Black "marble"]
[Result "0-1"]
[WhiteCountry "USA"]
[BlackCountry "ENG"]
[WhiteElo "1440"]
[WhiteRD "63"]
[BlackElo "1779"]
[BlackRD "57"]
[GameID "175221"]

1. e4 c5 2. Nf3 g6 3. d4 cxd4 4. Nxd4 Bg7 5. Bc4 Nc6 6. Nxc6 bxc6 7. Qf3 Nf6 8. e5 Nd5 9. Bxd5 cxd5 10. Qxd5 Rb8
11. f4 e6 12. Qd4 a6 13. Nc3 O-O 14. O-O Bb7 15. Na4 f6 16. Be3 Qc8 17. c4 Qc6 18. Nb6 Qxg2#
0-1

[Event "RIVALS Cup 2008"]
[Site "SchemingMind.com"]
[Date "2008.10.22"]
[Round "-"]
[White "jamesm_beatty"]
[Black "mmccaffe"]
[Result "1-0"]
[WhiteCountry "USA"]
[BlackCountry "USA"]
[WhiteElo "1429"]
[WhiteRD "67"]
[BlackElo "1598"]
[BlackRD "51"]
[GameID "175222"]

1. e4 e6 2. d4 d5 3. Nc3 Bb4 4. e5 c5 5. a3 Bxc3+ 6. bxc3 Ne7 7. Qg4 O-O 8. Bh6 Ng6 9. Bg5 Qa5 10. Bd2 Qa4
11. Bd3 Nc6 12. Ne2 Ncxe5 13. Qg3 Nxd3+ 14. cxd3 cxd4 15. Nxd4 Bd7 16. O-O Bb5 17. Ne2 Rac8 18. Nf4 Nxf4 19. Bxf4 Rxc3 20. Be5 f6
21. Bxc3 d4 22. Bb4 Rc8 23. Rac1
1-0

[Event "RIVALS Cup 2008"]
[Site "SchemingMind.com"]
[Date "2008.10.18"]
[Round "-"]
[White "jamesm_beatty"]
[Black "dtedesco"]
[Result "0-1"]
[WhiteCountry "USA"]
[BlackCountry "CAN"]
[WhiteElo "1440"]
[WhiteRD "63"]
[BlackElo "1471"]
[BlackRD "57"]
[GameID "175223"]

1. e4 c5 2. d4 cxd4 3. Qxd4 Nc6 4. Qe3 Nf6 5. h3 Nb4 6. Bd3 e5 7. a3 Nc6 8. Nc3 Nd4 9. Nf3 Bc5 10. Qd2 Nxf3+
11. gxf3 d6 12. Qg5 O-O 13. Nd5 Nxd5 14. Qxd8 Rxd8 15. Bd2 Nf6 16. O-O-O Bxf2 17. h4 Be6 18. Bb4 Rac8 19. Bb5 Ba2 20. Rd2 Be3
21. Rh2 Bxd2+ 22. Rxd2 d5 23. exd5 Nxd5 24. b3 Bxb3 25. Kb2 Bc4 26. Bxc4 Nxb4 27. axb4 Rxd2
0-1

[Event "RIVALS Cup 2008"]
[Site "SchemingMind.com"]
[Date "2008.10.17"]
[Round "-"]
[White "jamesm_beatty"]
[Black "Carl Lenox"]
[Result "0-1"]
[WhiteCountry "USA"]
[BlackCountry "CAN"]
[WhiteElo "1440"]
[WhiteRD "63"]
[BlackElo "1216"]
[BlackRD "61"]
[GameID "175224"]

1. e4 c5 2. Nf3 d6 3. d4 Nf6 4. Nc3 cxd4 5. Nxd4 Nc6 6. Bb5 Bd7 7. h3 e5 8. Nxc6 bxc6 9. Ba6 Qb6 10. Bd3 d5
11. exd5 cxd5 12. Qe2 Bd6 13. Bg5 Qxb2 14. Kd2 d4 15. Nb5 Bb4+ 16. Nc3 Ke7 17. Rhb1 Qxc3+ 18. Kd1 Qc6 19. Rxb4 Qxg2 20. Qxe5+ Be6
21. Bxf6+ gxf6 22. Qc7+ Kf8 23. Rab1 Kg7 24. Ba6 Bxa2 25. Bb7 Qf1+ 26. Kd2 Qxf2+ 27. Kd3 Qe3#
0-1

[Event "RIVALS Cup 2008"]
[Site "SchemingMind.com"]
[Date "2008.10.17"]
[Round "-"]
[White "Brerrabbit"]
[Black "jamesm_beatty"]
[Result "0-1"]
[WhiteCountry "SCO"]
[BlackCountry "USA"]
[WhiteElo "1396"]
[WhiteRD "66"]
[BlackElo "1440"]
[BlackRD "63"]
[GameID "175225"]

1. e4 c5 2. d4 cxd4 3. c3 dxc3 4. Nxc3 e5 5. Bc4 Nc6 6. Qf3 Nf6 7. Bg5 Be7 8. Nh3 h6 9. Be3 d6 10. Nd5 Qa5+
11. Bd2 Qc5 12. b3 Nxd5 13. exd5 Nd4 14. Qd3 Bf5 15. Qc3 O-O 16. O-O b5 17. Rfe1 bxc4 18. b4 Qxd5 19. Rab1 Bxb1 20. Rxb1 Ne2+
21. Kf1 Nxc3 22. Bxc3 Qd3+
0-1

[Event "RIVALS Cup 2008"]
[Site "SchemingMind.com"]
[Date "2008.10.17"]
[Round "-"]
[White "Zugzwang"]
[Black "jamesm_beatty"]
[Result "0-1"]
[WhiteCountry "CAN"]
[BlackCountry "USA"]
[WhiteElo "1487"]
[WhiteRD "60"]
[BlackElo "1440"]
[BlackRD "63"]
[GameID "175226"]

1. d4 Nf6 2. Nf3 Nc6 3. e3 d5 4. Bd3 e6 5. O-O Bd6 6. Nbd2 a6 7. c3 e5 8. e4 Be6 9. Re1 h6 10. exd5 Bxd5
11. dxe5 Bxe5 12. Nxe5 Nxe5 13. f4 Bxg2 14. Kxg2 Qxd3 15. Rxe5+ Kd7 16. Qf3 Qc2 17. Kh3 Rae8 18. Qxb7 Qd1 19. Qxa6 Qg4#
0-1

[Event "RIVALS Cup 2008"]
[Site "SchemingMind.com"]
[Date "2008.10.21"]
[Round "-"]
[White "marble"]
[Black "jamesm_beatty"]
[Result "1-0"]
[WhiteCountry "ENG"]
[BlackCountry "USA"]
[WhiteElo "1779"]
[WhiteRD "57"]
[BlackElo "1440"]
[BlackRD "63"]
[GameID "175227"]

1. e4 e5 2. Nf3 Nc6 3. Bc4 Nf6 4. d4 d6 5. Nc3 Bg4 6. d5 Nd4 7. Bb5+ Nd7 8. Qd3 a6 9. Bxd7+ Qxd7 10. Nxd4 exd4
11. Qxd4 f5 12. f3 Bh5 13. exf5 Qxf5 14. Ne4 h6 15. O-O O-O-O 16. g4 Bxg4 17. fxg4 Qxg4+ 18. Kh1 Be7 19. Nxd6+
1-0

[Event "RIVALS Cup 2008"]
[Site "SchemingMind.com"]
[Date "2008.10.22"]
[Round "-"]
[White "mmccaffe"]
[Black "jamesm_beatty"]
[Result "1-0"]
[WhiteCountry "USA"]
[BlackCountry "USA"]
[WhiteElo "1488"]
[WhiteRD "51"]
[BlackElo "1415"]
[BlackRD "71"]
[GameID "175228"]

1. e4 e5 2. Nf3 Nc6 3. Bb5 a6 4. Ba4 Nf6 5. O-O d5 6. exd5 Nxd5 7. Bxc6+ bxc6 8. Nxe5 Qf6 9. Qe2 Qe6 10. d4 f6
11. Qh5+ g6 12. Nxg6 Qf7 13. Qe2+ Qe6 14. Qxe6+ Bxe6 15. Nxh8 O-O-O 16. Re1 Re8 17. Nf7 Bxf7 18. Rxe8+ Bxe8 19. Bd2 Bg6 20. Nc3 Bxc2
21. Nxd5 cxd5 22. Rc1 Be4 23. Ba5 Bd6 24. f3
1-0

[Event "RIVALS Cup 2008"]
[Site "SchemingMind.com"]
[Date "2008.10.21"]
[Round "-"]
[White "dtedesco"]
[Black "jamesm_beatty"]
[Result "1-0"]
[WhiteCountry "CAN"]
[BlackCountry "USA"]
[WhiteElo "1471"]
[WhiteRD "57"]
[BlackElo "1440"]
[BlackRD "63"]
[GameID "175229"]

1. e4 e5 2. Nf3 Nc6 3. Bb5 a6 4. Ba4 Nf6 5. d3 d5 6. Bxc6+ bxc6 7. Nxe5 Bd7 8. Be3 dxe4 9. Nxd7 Qxd7 10. Nc3 exd3
11. Qxd3 O-O-O 12. Qxa6+ Kb8 13. Qa7+ Kc8 14. Qa8#
1-0

[Event "RIVALS Cup 2008"]
[Site "SchemingMind.com"]
[Date "2008.10.17"]
[Round "-"]
[White "Carl Lenox"]
[Black "jamesm_beatty"]
[Result "0-1"]
[WhiteCountry "CAN"]
[BlackCountry "USA"]
[WhiteElo "1216"]
[WhiteRD "61"]
[BlackElo "1440"]
[BlackRD "63"]
[GameID "175230"]

1. e4 e5 2. Nf3 Nc6 3. Bb5 a6 4. Ba4 Nf6 5. O-O d5 6. Nxe5 Bd7 7. d4 b5 8. Bb3 dxe4 9. Nxf7 Qe7 10. Nxh8 Bg4
11. Bf7+ Kd7 12. Qd2 g6 13. Nc3 Rd8 14. d5 Ne5 15. Qe3 Bg7 16. Nxg6 hxg6 17. Be6+ Bxe6 18. Qa7 Nxd5 19. Rd1 Ke8 20. Qxa6 Nxc3
21. Re1 Bc4 22. bxc3 Qd7 23. Bg5 Rb8 24. Rad1 Qg4 25. Be3 Nd7 26. Rd4 Bxd4 27. Bxd4 Bd5 28. a4 c6 29. Rb1 bxa4 30. Rxb8+ Nxb8
31. Qxa4 Qd1#
0-1

[Event "RIVALS Cup 2008"]
[Site "SchemingMind.com"]
[Date "2008.11.03"]
[Round "-"]
[White "Alessandro Dotti Contra"]
[Black "Brerrabbit"]
[Result "1-0"]
[WhiteCountry "ITA"]
[BlackCountry "SCO"]
[WhiteElo "1518"]
[WhiteRD "76"]
[BlackElo "1378"]
[BlackRD "73"]
[GameID "177213"]

1. e4 e5 2. Nf3 Nc6 3. Bb5 a6 4. Bc4 Nf6 5. Nc3 Bc5 6. O-O d6 7. d3 Be6 8. Bb3 Bxb3 9. cxb3 d5 10. Bg5 Qd6
11. h3 d4 12. Nd5 Nb4 13. a3 Nbxd5 14. b4 Bb6 15. exd5 Qxd5 16. Bxf6 gxf6 17. Qa4+ c6 18. Nh4 Rg8 19. Qd1 f5 20. Qf3 Qxf3
21. Nxf3 e4 22. Ne5 O-O-O 23. Nxf7 Rd7 24. Ne5 Re7 25. Nc4 f4 26. dxe4 Bc7 27. f3 b5 28. Na5 d3 29. Nxc6 Rd7 30. e5 Re8
31. Rfe1 Kb7 32. e6 Rd6 33. Na5+ Bxa5 34. bxa5 d2 35. Red1 Rexe6 36. Kf2 Kc6 37. g3 fxg3+ 38. Kxg3 Rg6+ 39. Kf2 Rd3 40. Ke2 Rdd6
41. b4 Rg2+ 42. Kf1 Rdg6 43. h4 Rg1+ 44. Ke2 R6g2+ 45. Ke3
1-0

[Event "RIVALS Cup 2008"]
[Site "SchemingMind.com"]
[Date "2008.11.02"]
[Round "-"]
[White "Alessandro Dotti Contra"]
[Black "Zugzwang"]
[Result "1/2-1/2"]
[WhiteCountry "ITA"]
[BlackCountry "CAN"]
[WhiteElo "1518"]
[WhiteRD "76"]
[BlackElo "1437"]
[BlackRD "56"]
[GameID "177214"]

1. e4 e5 2. Nf3 Nf6 3. Nc3 Bb4 4. a3 Bxc3 5. bxc3 Nxe4 6. Qe2 d5 7. Qe3 O-O 8. Be2 Nc6 9. Bb5 Bd7 10. a4 Re8
11. O-O f5 12. Ng5 Nxg5 13. Qc5 d4 14. Bc4+ Kh8 15. Bb2 Ne4 16. Qb5 Nd6 17. Qc5 Qg5 18. Bc1 f4 19. f3 Bh3 20. Rf2 Rf8
21. a5 Rf6 22. Kf1 Bf5 23. d3 Rg6 24. cxd4 e4 25. dxe4 Bd7 26. Qxg5 Rxg5 27. Bxf4 Rxa5 28. Rxa5 Nxa5 29. Bd3 g6 30. Be5+ Kg8
31. f4 Nac4 32. Bxc4+ Nxc4 33. Bxc7 Rc8 34. Be5 Nxe5 35. fxe5 Be6 36. d5 Bg4 37. e6 Bxe6 38. dxe6 Re8 39. Rf7 Rxe6 40. Rxb7 Rxe4
41. Rxa7 Rc4 42. Ra2 Kf7 43. Ke1 Ke6 44. Kd1 Rf4 45. Ra6+ Kf5 46. Ra5+ Kg4 47. h3+ Kg3 48. Rg5+ Kf2 49. g3 Rf6 50. c4 Ke3
51. Kc2 Kd4 52. Rg4+ Kc5 53. Rf4=
1/2-1/2

[Event "RIVALS Cup 2008"]
[Site "SchemingMind.com"]
[Date "2008.11.02"]
[Round "-"]
[White "Alessandro Dotti Contra"]
[Black "marble"]
[Result "0-1"]
[WhiteCountry "ITA"]
[BlackCountry "ENG"]
[WhiteElo "1445"]
[WhiteRD "90"]
[BlackElo "1874"]
[BlackRD "57"]
[GameID "177215"]

1. e4 c5 2. Nf3 g6 3. d4 cxd4 4. Nxd4 Bg7 5. Nc3 Nc6 6. Be3 d6 7. Bb5 Qa5 8. Qd2 Bd7 9. Bxc6 bxc6 10. O-O Nf6
11. f3 O-O 12. Nb3 Qc7 13. a4 Be6 14. Qd3 c5 15. Nb5 Qc8 16. c3 c4 17. Nxd6 exd6 18. Qxd6 cxb3 19. a5 Rd8 20. Qg3 Nh5
21. Qg5 Qb8 22. f4 f6 23. Qc5 Bf8 24. Qc6 Rd6 25. Qa4 Qc7 26. Rfd1 Rxd1+ 27. Rxd1 Nxf4 28. Bxf4 Qxf4 29. Re1 Bd6 30. Qd4 Rc8
31. Qxa7 Qxh2+ 32. Kf1 Bc4+ 33. Kf2 Bc5+ 34. Qxc5 Rxc5 35. Ra1 Rg5 36. Rg1 Qg3#
0-1

[Event "RIVALS Cup 2008"]
[Site "SchemingMind.com"]
[Date "2008.11.03"]
[Round "-"]
[White "Alessandro Dotti Contra"]
[Black "jamesm_beatty"]
[Result "1-0"]
[WhiteCountry "ITA"]
[BlackCountry "USA"]
[WhiteElo "1445"]
[WhiteRD "90"]
[BlackElo "1415"]
[BlackRD "71"]
[GameID "177216"]

1. e4 e5 2. Nf3 Nc6 3. Bb5 a6 4. Bc4 Nf6 5. Nc3 Bc5 6. O-O d6 7. d3 h6 8. h3 Qe7 9. a3 Be6 10. Bd5 Nxd5
11. Nxd5 Bxd5 12. exd5 Nd4 13. b4 Nxf3+ 14. Qxf3 Bd4 15. Rb1 O-O-O 16. Qe4 Rdf8 17. Bd2 f5 18. Qe1 e4 19. Be3 Bxe3 20. Qxe3 f4
21. Qa7 exd3 22. cxd3 f3 23. Rfe1 Qg5 24. g3 Qxd5 25. Re7 Kd8 26. Rxg7 b5 27. Qb8#
1-0

[Event "RIVALS Cup 2008"]
[Site "SchemingMind.com"]
[Date "2008.11.02"]
[Round "-"]
[White "Alessandro Dotti Contra"]
[Black "dtedesco"]
[Result "0-1"]
[WhiteCountry "ITA"]
[BlackCountry "CAN"]
[WhiteElo "1518"]
[WhiteRD "76"]
[BlackElo "1539"]
[BlackRD "59"]
[GameID "177218"]

1. e4 c5 2. Nf3 e6 3. d4 cxd4 4. Bd3 Nc6 5. O-O e5 6. c3 Bc5 7. b4 Bb6 8. Ba3 Nf6 9. h3 d5 10. Ng5 O-O
11. Nd2 dxc3 12. b5 Ne7 13. Nb3 d4 14. f3 a6 15. bxa6 bxa6 16. Bc2 h6 17. Nxf7 Kxf7 18. Qd3 a5 19. Qc4+ Kg6 20. f4 Nh5
21. Bxe7 Qxe7 22. Qc6+ Rf6 23. Qxa8 Rf8 24. Qc6+ Qf6 25. f5+ Kh7 26. Qxf6 Nxf6 27. Rab1 Ba6 28. Rfe1 d3+ 29. Kh2 dxc2 30. Rbc1 Bd3
31. g3 a4 32. Na1 Nxe4 33. g4 Ng5 34. Rh1 Be4 35. Rhf1 Be3 36. Rxc2 Bxc2 37. Nxc2 Bf4+ 38. Kg2 Rd8 39. h4 Ne4 40. Rf3 Rd2+
41. Kf1 Rxc2 42. a3 Rf2+ 43. Rxf2 Nxf2 44. Kxf2 c2
0-1

[Event "RIVALS Cup 2008"]
[Site "SchemingMind.com"]
[Date "2008.11.02"]
[Round "-"]
[White "Alessandro Dotti Contra"]
[Black "Carl Lenox"]
[Result "1-0"]
[WhiteCountry "ITA"]
[BlackCountry "CAN"]
[WhiteElo "1518"]
[WhiteRD "76"]
[BlackElo "1353"]
[BlackRD "64"]
[GameID "177219"]

1. e4 e6 2. d4 d5 3. Nc3 Nf6 4. Bg5 Bd6 5. Bb5+ Bd7 6. e5 h6 7. Bh4 g5 8. exd6 c6 9. Ba4 gxh4 10. h3 Qb6
11. Bb3 c5 12. Nge2 Nc6 13. O-O O-O-O 14. dxc5 Qxc5 15. Na4 Qxd6 16. Nd4 e5 17. Nxc6 Bxc6 18. Re1 e4 19. Qd4 Rhe8 20. Qxa7 Rd7
21. Nb6+ Kc7 22. Nxd7 Bxd7 23. Qa5+ b6 24. Qc3+ Bc6 25. Qe3 Rg8 26. Qxh6 Rg6 27. Qe3 Bd7 28. Qc3+ Kb7 29. a4 Bxh3 30. Qxh3 Ng4
31. Qxh4 f5 32. Qh7+ Ka6 33. Bxd5 Rh6 34. Bc4+
1-0

[Event "RIVALS Cup 2008"]
[Site "SchemingMind.com"]
[Date "2008.11.02"]
[Round "-"]
[White "Brerrabbit"]
[Black "Alessandro Dotti Contra"]
[Result "0-1"]
[WhiteCountry "SCO"]
[BlackCountry "ITA"]
[WhiteElo "1378"]
[WhiteRD "73"]
[BlackElo "1518"]
[BlackRD "76"]
[GameID "177220"]

1. e4 Nc6 2. d4 d5 3. Nc3 e6 4. e5 Bb4 5. Bb5 Bd7 6. Nf3 Nge7 7. Bd2 O-O 8. Qe2 a6 9. Bd3 h6 10. O-O Ba5
11. Rab1 Nb4 12. a3 Nxd3 13. Qxd3 Nf5 14. b4 Bb6 15. b5 a5 16. Rfe1 c6 17. a4 Nh4 18. Re3 c5 19. Re2 cxd4 20. Nxd4 Bxd4
21. Qxd4 Ng6 22. Re3 Qh4 23. Qxh4 Nxh4 24. Rg3 Nf5 25. Rg4 h5 26. Rg5 g6 27. f3 d4 28. Ne4 Kg7 29. g4 hxg4 30. fxg4 Ne3
31. Bxe3 dxe3 32. Re1 Rac8 33. c3 Rc4 34. Rxe3 Rxa4 35. h4 Bxb5 36. h5 Ra2 37. Rh3 Ra1+ 38. Kf2 Ra2+ 39. Kg3 Rh8 40. Nd6 Bc6
41. Kh4 b5 42. Nxf7 Kxf7 43. Rxg6 Rf2 44. Rd3 Rh2+ 45. Rh3 Re2 46. Rf3+ Bxf3
0-1

[Event "RIVALS Cup 2008"]
[Site "SchemingMind.com"]
[Date "2008.11.02"]
[Round "-"]
[White "Zugzwang"]
[Black "Alessandro Dotti Contra"]
[Result "0-1"]
[WhiteCountry "CAN"]
[BlackCountry "ITA"]
[WhiteElo "1437"]
[WhiteRD "56"]
[BlackElo "1518"]
[BlackRD "76"]
[GameID "177221"]

1. d4 Nf6 2. Nf3 d5 3. e3 e6 4. Bd3 Bd6 5. O-O O-O 6. Nbd2 Nc6 7. c3 Bd7 8. Qe2 h6 9. e4 e5 10. exd5 e4
11. Nxe4 Re8 12. Re1 Qe7 13. Nxf6+ Qxf6 14. Qd2 Bf4 15. Qc2 Bxc1 16. Raxc1 Ne7 17. Re5 Bg4 18. Be4 g6 19. Re1 c6 20. Re3 Kf8
21. dxc6 Nxc6 22. Bxc6 bxc6 23. Qa4 Bd7 24. Qb4+ Kg7 25. Rxe8 Rxe8 26. Rxe8 Bxe8 27. Qb8 Qe7 28. Ne5 Qe6 29. Qxa7 Qf5 30. h3 Qc2
31. f4 Qc1+ 32. Kh2 Qxb2 33. Qa5 Qf2 34. Nd3 Qe3 35. Qa6 g5 36. f5 Qe4 37. Ne5 Qf4+ 38. Kh1 Qxf5 39. Nxc6 Qf6 40. d5 Qxc3
41. d6 Qc1+ 42. Kh2 Qf4+ 43. Kg1 Qxd6 44. Nb8 Qxb8 45. a4 Qb1+ 46. Kh2 Qe4 47. a5 Bc6 48. Qf1 Qe5+ 49. Kg1 Qxa5 50. g4 Qc5+
51. Qf2 Qc1+ 52. Qf1 Qe3+ 53. Qf2 Qxh3 54. Qd4+ f6 55. Qd8 Qg2#
0-1

[Event "RIVALS Cup 2008"]
[Site "SchemingMind.com"]
[Date "2008.11.02"]
[Round "-"]
[White "marble"]
[Black "Alessandro Dotti Contra"]
[Result "1-0"]
[WhiteCountry "ENG"]
[BlackCountry "ITA"]
[WhiteElo "1889"]
[WhiteRD "55"]
[BlackElo "1518"]
[BlackRD "76"]
[GameID "177222"]

1. e4 Nc6 2. Nf3 e5 3. Bc4 Nf6 4. d4 d6 5. Nc3 h6 6. O-O Bg4 7. Be2 Bh5 8. dxe5 dxe5 9. Nd5 Nxd5 10. exd5 e4
11. dxc6 bxc6 12. Ne5 Bxe2 13. Qxe2 Qd5 14. Bf4 Bd6 15. Rfd1 Qe6 16. Qxe4 O-O 17. Re1 Rfe8 18. Qxc6 Bxe5 19. Qxe6 fxe6 20. Bxe5 Rac8
21. Re3 Re7 22. Rd1 Rce8 23. Rd4 Rf7 24. Rc3 Ref8 25. f3 Rb8 26. b3 Rc8 27. Rc6 Re7 28. Ra4 Rd7 29. Rxa7 Rd1+ 30. Kf2 Rd2+
31. Kg3 Rd5 32. Bf4 e5 33. Be3 Rd7 34. a4 Kh7 35. a5 Kg8 36. a6 Rd6 37. Rxd6 cxd6 38. Rb7 Rxc2 39. a7 Ra2 40. Rb8+ Kf7
41. a8=Q Rxa8 42. Rxa8
1-0

[Event "RIVALS Cup 2008"]
[Site "SchemingMind.com"]
[Date "2008.11.05"]
[Round "-"]
[White "jamesm_beatty"]
[Black "Alessandro Dotti Contra"]
[Result "0-1"]
[WhiteCountry "USA"]
[BlackCountry "ITA"]
[WhiteElo "1423"]
[WhiteRD "76"]
[BlackElo "1528"]
[BlackRD "77"]
[GameID "177223"]

1. e4 Nc6 2. d4 d5 3. e5 Bf5 4. Nf3 h6 5. Bb5 e6 6. h3 Bb4+ 7. c3 Ba5 8. Qa4 Qd7 9. Nbd2 Nge7 10. Nb3 Bb6
11. c4 O-O 12. c5 a6 13. Bxc6 Qxc6 14. Qxc6 Nxc6 15. cxb6 cxb6 16. O-O Bd3 17. Rd1 Nb4 18. Ne1 Bc4 19. a3 Bxb3 20. Rd3 Nxd3
21. Nxd3 Bc4 22. Nb4 a5 23. Nc2 f6 24. exf6 Rxf6 25. Ne3 Raf8 26. Ng4 R6f7 27. f3 Kh7 28. Ne5 Rc7 29. b4 Bb5 30. Bd2 Ba4
31. bxa5 bxa5 32. Bxa5 Rc2 33. Bb4 Rfc8 34. Bc5 b6 35. Bxb6 Rc1+ 36. Rxc1 Rxc1+ 37. Kf2 Rc2+ 38. Ke1 Rxg2 39. Nd7 Bb5 40. Nf8+ Kg8
41. Nxe6 Re2+ 42. Kd1 Rxe6 43. Bc5 Re3 44. Kc2 Rxf3
0-1

[Event "RIVALS Cup 2008"]
[Site "SchemingMind.com"]
[Date "2008.11.02"]
[Round "-"]
[White "dtedesco"]
[Black "Alessandro Dotti Contra"]
[Result "0-1"]
[WhiteCountry "CAN"]
[BlackCountry "ITA"]
[WhiteElo "1539"]
[WhiteRD "59"]
[BlackElo "1518"]
[BlackRD "76"]
[GameID "177225"]

1. e4 Nc6 2. f4 e5 3. Nf3 Bd6 4. Bc4 Nh6 5. O-O O-O 6. d3 Bc5+ 7. Kh1 d6 8. f5 a6 9. Bxh6 gxh6 10. c3 b5
11. Bd5 Bb7 12. Qd2 Qf6 13. b4 Bb6 14. h4 a5 15. Bxc6 Bxc6 16. d4 Bxe4 17. dxe5 dxe5 18. h5 Bxf5 19. Re1 e4 20. Nh2 e3
21. Qd1 Rad8 22. Qe2 Rd5 23. a3 Qg5 24. g4 Be4+ 25. Nf3 Bxf3+ 26. Qxf3 Qh4+ 27. Kg2 Qxe1 28. Qxd5 e2 29. Qf3 Qd1 30. Ra2 e1=Q
0-1

[Event "RIVALS Cup 2008"]
[Site "SchemingMind.com"]
[Date "2008.11.02"]
[Round "-"]
[White "Carl Lenox"]
[Black "Alessandro Dotti Contra"]
[Result "0-1"]
[WhiteCountry "CAN"]
[BlackCountry "ITA"]
[WhiteElo "1336"]
[WhiteRD "66"]
[BlackElo "1528"]
[BlackRD "77"]
[GameID "177226"]

1. e4 Nc6 2. d3 e5 3. Bd2 Bc5 4. a3 Nf6 5. Nf3 h6 6. Nc3 a6 7. g3 O-O 8. Bg2 d6 9. O-O Bg4 10. h3 Bh5
11. Qe2 Nd4 12. Qd1 Qd7 13. Be3 Nxf3+ 14. Bxf3 Qxh3 15. Qe2 Bxf3 16. Qxf3 Ng4 17. Rfe1 Qh2+ 18. Kf1 Qh3+ 19. Qg2 Nh2+ 20. Kg1 Qxg2+
21. Kxg2 Bxe3 22. Rxe3 Ng4 23. Rf3 c6 24. Rh1 Nf6 25. Na4 Nd7 26. c3 d5 27. c4 d4 28. b4 b5 29. Nc5 Nxc5 30. bxc5 bxc4
31. dxc4 Rfd8 32. Rh5 d3 33. Rxe5 d2 34. Re7 d1=Q 35. Rfxf7 Re8 36. Rxg7+ Kh8 37. Rh7+ Kg8 38. Reg7+ Kf8 39. Rh8+ Kxg7
0-1

[Event "RIVALS Cup 2008"]
[Site "SchemingMind.com"]
[Date "2008.11.10"]
[Round "-"]
[White "toguints"]
[Black "Brerrabbit"]
[Result "0-1"]
[WhiteCountry "PHI"]
[BlackCountry "SCO"]
[WhiteElo "1463"]
[WhiteRD "75"]
[BlackElo "1415"]
[BlackRD "69"]
[GameID "177727"]

1. d4 Nf6 2. Nf3 e6 3. Nc3 Nc6 4. e4 d5 5. e5 Ne4 6. Bd2 Be7 7. Bd3 Nxd2 8. Nxd2 Nxd4 9. O-O Nc6 10. Re1 f6
11. exf6 Bxf6 12. Nxd5 Qxd5 13. Bc4 Qf5 14. c3 Ne5 15. b3 Nxc4 16. Nxc4 O-O 17. Rc1 b5 18. Ne3 Qg5 19. Ng4 Bb7 20. Nxf6+ Qxf6
21. f3 Rad8 22. Qe2 a6 23. Rcd1 Bc8 24. c4 Rfe8 25. cxb5 a5 26. Rc1 Qf4 27. g3 Qd4+ 28. Kg2 e5
0-1

[Event "RIVALS Cup 2008"]
[Site "SchemingMind.com"]
[Date "2008.11.10"]
[Round "-"]
[White "toguints"]
[Black "Zugzwang"]
[Result "1-0"]
[WhiteCountry "PHI"]
[BlackCountry "CAN"]
[WhiteElo "1463"]
[WhiteRD "75"]
[BlackElo "1457"]
[BlackRD "60"]
[GameID "177728"]

1. d4 f5 2. c4 Nf6 3. Nc3 e6 4. Bg5 Be7 5. Nf3 c6 6. e3 d5 7. Be2 O-O 8. O-O Na6 9. cxd5 cxd5 10. Bxa6 bxa6
11. Ne5 Nd7 12. Nc6 Qc7 13. Nxe7+ Kh8 14. Qh5 Rf6 15. Bxf6 Nxf6 16. Qf7 Bd7 17. Rac1 Ng4 18. g3 Nh6 19. Qh5 Be8 20. Qh4 Qa5
21. f3 Rb8 22. Rb1 Bb5 23. Nxb5 Qxb5 24. Rfc1 Qd3 25. Qf4 Rf8 26. g4 Rf7 27. Rc8+
1-0

[Event "RIVALS Cup 2008"]
[Site "SchemingMind.com"]
[Date "2008.11.10"]
[Round "-"]
[White "toguints"]
[Black "marble"]
[Result "0-1"]
[WhiteCountry "PHI"]
[BlackCountry "ENG"]
[WhiteElo "1463"]
[WhiteRD "75"]
[BlackElo "1874"]
[BlackRD "57"]
[GameID "177729"]

1. d4 Nf6 2. Nc3 d5 3. Nf3 e6 4. g3 c5 5. Bg2 Nc6 6. O-O Bd7 7. e3 Be7 8. Re1 O-O 9. e4 dxe4 10. Nxe4 Nxe4
11. Rxe4 f5 12. Re1 cxd4 13. Nxd4 Bf6 14. c3 e5 15. Bxc6 bxc6
0-1

[Event "RIVALS Cup 2008"]
[Site "SchemingMind.com"]
[Date "2008.11.10"]
[Round "-"]
[White "toguints"]
[Black "jamesm_beatty"]
[Result "0-1"]
[WhiteCountry "PHI"]
[BlackCountry "USA"]
[WhiteElo "1403"]
[WhiteRD "72"]
[BlackElo "1423"]
[BlackRD "76"]
[GameID "177731"]

1. d4 Nf6 2. Nc3 Nc6 3. d5 Nb4 4. Bd2 Nbxd5 5. Nxd5 Nxd5 6. e4 Nf6 7. e5 Ne4 8. f3 Nxd2 9. Qxd2 d5 10. O-O-O e6
11. Ne2 h6 12. Nf4 Bc5 13. Nd3 Qe7 14. a3 Bd4 15. c3 Bb6 16. b4 c5 17. f4 cxb4 18. Nxb4 O-O 19. Bd3 Bd7 20. Bc2 a5
21. Qd3 axb4
0-1

[Event "RIVALS Cup 2008"]
[Site "SchemingMind.com"]
[Date "2008.11.10"]
[Round "-"]
[White "toguints"]
[Black "dtedesco"]
[Result "0-1"]
[WhiteCountry "PHI"]
[BlackCountry "CAN"]
[WhiteElo "1403"]
[WhiteRD "72"]
[BlackElo "1539"]
[BlackRD "59"]
[GameID "177733"]

1. d4 Nf6 2. Nc3 g6 3. e4 d6 4. Nf3 Bg7 5. Be2 Nc6 6. Bb5 Bd7 7. O-O a6 8. Bxc6 Bxc6 9. d5 Bd7 10. Re1 O-O
11. e5 dxe5 12. Nxe5 c5 13. Bg5 b5 14. Nd3 Rc8 15. Nf4 b4 16. Ne4 c4 17. Rc1 a5 18. b3 c3 19. Nd3 Nxd5 20. Nd6 Be6
21. Nxc8 Qxc8 22. Nf4 Nxf4
0-1

[Event "RIVALS Cup 2008"]
[Site "SchemingMind.com"]
[Date "2008.11.10"]
[Round "-"]
[White "toguints"]
[Black "Carl Lenox"]
[Result "0-1"]
[WhiteCountry "PHI"]
[BlackCountry "CAN"]
[WhiteElo "1403"]
[WhiteRD "72"]
[BlackElo "1353"]
[BlackRD "64"]
[GameID "177734"]

1. d4 Nf6 2. Nc3 d5 3. e3 e6 4. Nf3 c5 5. Bb5+ Bd7 6. Ne5 Nc6 7. O-O Bd6 8. Nxc6 Qc7 9. Ne5 Bxe5 10. dxe5 Qxe5
11. Bxd7+ Nxd7 12. Nb5 O-O 13. Nc3 Qg5
0-1

[Event "RIVALS Cup 2008"]
[Site "SchemingMind.com"]
[Date "2008.11.10"]
[Round "-"]
[White "Brerrabbit"]
[Black "toguints"]
[Result "0-1"]
[WhiteCountry "SCO"]
[BlackCountry "PHI"]
[WhiteElo "1372"]
[WhiteRD "66"]
[BlackElo "1507"]
[BlackRD "79"]
[GameID "177735"]

1. e4 c5 2. d4 e6 3. Nf3 Nc6 4. Bc4 d5 5. exd5 exd5 6. Bb5 Bd7 7. Bg5 Be7 8. Qd2 cxd4 9. Bxe7 Qxe7+ 10. Be2 Nf6
11. c3 Ne4 12. Qc2 Bf5 13. O-O Ng3 14. fxg3 Bxc2
0-1

[Event "RIVALS Cup 2008"]
[Site "SchemingMind.com"]
[Date "2008.11.10"]
[Round "-"]
[White "Zugzwang"]
[Black "toguints"]
[Result "1-0"]
[WhiteCountry "CAN"]
[BlackCountry "PHI"]
[WhiteElo "1491"]
[WhiteRD "59"]
[BlackElo "1507"]
[BlackRD "79"]
[GameID "177736"]

1. d4 d5 2. Nf3 Nc6 3. e3 Nf6 4. Bd3 e6 5. O-O Be7 6. c3 O-O 7. Nbd2 b6 8. Qe2 Bb7 9. e4 dxe4 10. Nxe4 a5
11. Nxf6+ Bxf6 12. Qe4 Rb8 13. Qxh7#
1-0

[Event "RIVALS Cup 2008"]
[Site "SchemingMind.com"]
[Date "2008.11.10"]
[Round "-"]
[White "marble"]
[Black "toguints"]
[Result "1-0"]
[WhiteCountry "ENG"]
[BlackCountry "PHI"]
[WhiteElo "1874"]
[WhiteRD "57"]
[BlackElo "1463"]
[BlackRD "75"]
[GameID "177737"]

1. e4 c5 2. Nf3 Nc6 3. d4 e6 4. Nc3 cxd4 5. Nxd4 Nf6 6. Ndb5 a6 7. Nd6+ Bxd6 8. Qxd6 Qe7 9. Qg3 Nd4 10. Bd3 O-O
11. e5 Nd5 12. O-O g6 13. Bg5 f6 14. Nxd5 exd5 15. exf6 Qb4 16. c3 Qxb2 17. cxd4 Qxd4 18. Rfd1 d6 19. Qxd6 Re8 20. Qc7 Rd8
21. Qg7#
1-0